000 01493nam a2200361 a 4500
001 BRCA_8619
005 20190320210340.0
008 210916s1706----mx-#######---#000-0#spa-#
041 _aspa
044 _amx
050 4 _aTN1997
_b.S24
_c1706
100 1 _aSaenz y Escobar, José
_921534
245 1 0 _aGeometria practica y mecanica
_bdividida en tres tratados el primero de medidas de tierras el segundo de minas el tercero de aguas
_cJosé Saenz y Escobar.
260 _a[México]
_b[s.i.]
_c1706
300 _a1 vol. (sin paginación)
_c31 cm
500 _aFondo antiguo
500 _aSe encuentra en Caja Fuerte
500 _aCOF-50
500 _aPortada en dos tintas negro y rojo
500 _aTexto en manuscrito
500 _aCon dedicatoria: al capitan D. Francisco Peres Navas
500 _aIncluye figuras
500 _aSe localizan filigranas en las guardas
500 _aIncluye índice
500 _aNota de encuadernación: piel con dorados, broches de piel deteriorados
505 0 _aContiene el reglamento general de las medidas de las aguas, dispuesto a lo municipal de esta governacion por D. Domingo Lasso de la Vega. Dedicado a la Real Audiencia de México, año de 1761
506 0 _aFondo reservado: para su consulta es necesario credencial de usuario y carta de motivos
650 1 4 _aTopografía
_zAmérica
_921535
650 1 4 _aMinas y recursos minerales
_zAmérica
_921536
650 1 4 _aAgua
_zAmérica
_921537
902 _aLAR
942 _2lcc
_cB
999 _c8280
_d8280